000 00346nam a2200145Ia 4500
008 240624s9999 xx 000 0 und d
041 _aeng
082 _a330 CAS
100 _aCASE KARL E
245 _aPRINCIPLES OF ECONOMICS
250 _a(9th ed.)
260 _c2015
_aNew Delhi
_bPearson
300 _a699 : p. : cm. ; 26
365 _cRS
_b33
999 _c24635
_d24635